000 00472nam a2200157Ia 4500
008 230711s9999||||xx |||||||||||||| ||und||
041 _aENG
082 _a624
_bBU-I
100 _aBureau of Indian Standard
245 0 _aIS : 875 Pt I 1987
_bcode of practice for design loads (other than earthquake )for building and structures pt 1
250 _a1st
260 _c1987
_aNew Delhi
_bBureau of Indian Standard
300 _a37
650 _aCivil Engineering
942 _cBK
999 _c2147
_d2147